|
|
|
|
| LEADER |
01193nam a2200397 4500 |
| 001 |
DLU090084090 |
| 005 |
##20091103 |
| 008 |
##890202m19899999si a b 000 0 eng c |
| 010 |
# |
# |
|a 89005473
|
| 020 |
# |
# |
|a 9971507749 (v. 1)
|
| 035 |
# |
# |
|9 (DLC) 89005473
|
| 040 |
# |
# |
|a DNLM/DLC
|c DLC
|d DLC
|
| 050 |
# |
# |
|a RC49
|b .M42 1989
|
| 060 |
# |
# |
|a WM 90 M4888
|
| 082 |
# |
# |
|a 616.08
|b Med
|
| 245 |
# |
# |
|a Medical psychiatry :
|b theory and practice.
|n vol. I /
|c edited by Enrique S. Garza-Treviño.
|
| 260 |
# |
# |
|a Singapore ;
|a Teaneck, NJ, USA :
|b World Scientific,
|c c1989
|
| 300 |
# |
# |
|a v. <1> :
|b ill. ;
|c 23 cm.
|
| 504 |
# |
# |
|a Includes bibliographical references.
|
| 650 |
# |
# |
|a Biological psychiatry.
|
| 650 |
# |
# |
|a Medicine, Psychosomatic.
|
| 650 |
# |
# |
|a Psychological manifestations of general diseases.
|
| 650 |
# |
# |
|a Mental Disorders.
|
| 650 |
# |
# |
|a Psychophysiologic Disorders.
|
| 700 |
# |
# |
|a Garza-Treviño, Enrique S.
|q (Enrique Sergio)
|
| 923 |
# |
# |
|a 12/2009
|
| 990 |
# |
# |
|a vol. I
|
| 992 |
# |
# |
|a 20100
|
| 994 |
# |
# |
|a DLU
|
| 900 |
# |
# |
|a True
|
| 911 |
# |
# |
|a Đào Thị Thu Huyền
|
| 925 |
# |
# |
|a G
|
| 926 |
# |
# |
|a A
|
| 927 |
# |
# |
|a SH
|
| 980 |
# |
# |
|a Thư viện Trường Đại học Đà Lạt
|